Delitos sexuales sobre menores: nueva y tradicional problemática características generales del abuso sexual en la infancia, la pedofilia en la actualidad, el interrogatorio judicial, métodos, valoración.
Furkejuvvon:
| Váldodahkki: | |
|---|---|
| Materiálatiipa: | Girji |
| Giella: | espánnjágiella |
| Almmustuhtton: |
Buenos Aires, Argentina
La Rocca
2007
|
| Fáttát: | |
| Fáddágilkorat: |
Lasit fáddágilkoriid
Eai fáddágilkorat, Lasit vuosttaš fáddágilkora!
|
MARC
| LEADER | 00000nam a2200000 a 4500 | ||
|---|---|---|---|
| 001 | UCI6862 | ||
| 003 | CL-VaPUC | ||
| 005 | 20220420170012.0 | ||
| 008 | 080530e20070000AG |||||||||||||||||spa|d | ||
| 999 | |c 330309 |d 330307 | ||
| 020 | |a 9789875171060 | ||
| 040 | |c Pontificia Universidad Católica de Valparaíso | ||
| 082 | 0 | 4 | |a 364.153 GUT 2007 |2 21 |
| 100 | |a Gutiérrez, Pedro Alejandro |9 529885 | ||
| 245 | 1 | 0 | |a Delitos sexuales sobre menores: nueva y tradicional problemática características generales del abuso sexual en la infancia, la pedofilia en la actualidad, el interrogatorio judicial, métodos, valoración. |
| 260 | 0 | 3 | |a Buenos Aires, Argentina |b La Rocca |c 2007 |
| 300 | |a 220 páginas | ||
| 583 | |a last modification |c 20180326 02:30:03 |k Rodrigo Vera | ||
| 650 | 0 | |a Delitos sexuales |9 256093 | |
| 650 | 7 | |a DELITOS A MENORES |2 CL-VaPUC |9 529886 | |
| 650 | 0 | |a Violación |9 383399 | |
| 650 | 0 | |a Pedofilia |9 523519 | |
| 650 | 0 | |a Violencia intrafamiliar |9 312986 | |
| 650 | 7 | |a NIÑOS ABUSADOS |2 CL-VaPUC |9 529888 | |
| 650 | 0 | |a Juicio oral |9 455093 | |
| 650 | 7 | |a PORNOGRAFIA INFANTIL |2 CL-VaPUC |9 467638 | |
| 650 | 0 | |a Derechos del niño |9 258728 | |
| 650 | 0 | |a Abuso sexual |9 475641 | |
| 942 | |c BK |2 ddc | ||
| 945 | |d 20080530 00:00:00 |a rbrito | ||
| 952 | |0 0 |1 0 |2 ddc |4 0 |6 364_153000000000000_GUT_2007 |7 0 |8 A |9 415804 |a BIBDER |b BIBDER |d 2019-11-22 |i 4444744 |o 364.153 GUT 2007 |p 4444744 |r 2023-01-25 |t 1 |w 2019-11-22 |y BK |k DER | ||